| 000 | 00828nam a2200265 i 4500 | ||
|---|---|---|---|
| 001 | 47885 | ||
| 003 | ES-MaACL | ||
| 005 | 20250824222027.0 | ||
| 007 | t| | ||
| 008 | 030625s2002 sp ||||0| spa j | ||
| 020 | _a84-7844-640-0 | ||
| 040 |
_aM-BN _bspa _cM-BN |
||
| 080 | _a821.113.5-31"19" | ||
| 100 | 1 |
_aGaarder, Jostein ( _d1952-) _953113 |
|
| 245 | 1 | 3 |
_aEl vendedor de cuentos / _cJostein Gaarder ; traducción del noruego de Kirsti Baggethun y Asunción Lorenzo. |
| 260 |
_aMadrid : _bSiruela, _c[2002] |
||
| 300 |
_a211 p ; _c23 cm. |
||
| 490 | 1 |
_aLibros del tiempo ; _v152 |
|
| 700 | 1 |
_aBaggethun, Kirsti. _924636 |
|
| 700 | 1 |
_aLorenzo, Asunción. _974144 |
|
| 830 | 0 | 0 |
_aLibros del tiempo (Siruela) _v152 _9233603 |
| 852 |
_aES-MaACL _jL-26452 _bR.132133 |
||
| 999 |
_c47885 _d47885 |
||